| 000 | 00355 a2200157 4500 | ||
|---|---|---|---|
| 001 | 59916 | ||
| 020 | _a9783570303085 | ||
| 040 | _cAnchieta - Pituba | ||
| 100 | _aHohlbein, Wolfgang | ||
| 240 | 1 | 0 |
_aMärchenmonds erben _lpor |
| 245 | 1 | 0 | _aMärchenmonds erben |
| 300 | _a532 | ||
| 362 | 0 | _a2006 | |
| 650 | 4 | _aLiteratura juvenil em alemão | |
| 942 | _cBK | ||
| 999 |
_c59916 _d59916 |
||